Statistiche per Stemmi Squadre di calcio - Ligue 1 - Quiz n°1

Clicka qui per fare il quiz!

Statistiche generali

  • Questo quiz è stato fatto 89 volte
  • Il punteggio medio è 9 su 10

Statistiche sulle risposte

Risposta% Corretto
Paris Saint-Germain Football Club
100%
Angers Sporting Club de l'Ouest
99%
Football Club de Nantes
99%
Olympique Lyonnais
99%
Racing Club de Lens
99%
Olympique Gymnaste Club de Nice Côte d'Azur
95%
Racing Club de Strasbourg Alsace
93%
En avant de Guingamp
85%
Football Club de Metz
77%
Grenoble Foot 38
40%

Distribuzione punteggi

Percentile per numero di risposta

Percentuale di utenti per punteggio

I tuoi punteggi nel tempo

Non hai fatto questo quiz